000 00453nam a22001937a 4500
003 MPLRDC
005 20220104123851.0
008 210129b ||||| |||| 00| 0 eng d
020 _a957-8837-08-9
082 _a563 ZZ
100 _a周周
245 _a赚外快的70种方法
_c
250 _a初版一刷
260 _a
_b九仪出版社
_c1993
300 _b
490 _a生活频道. 6
650 _a金融喝论
942 _cBK
_o563 ZZ
999 _c14817
_d14807